Código civil consuetudinario español - catalán / José Foguet y Marsal

por Foguet Marsal, José

Publicado: Madrid . Ed. Reus : 1935
Descripción Física: 316 p. ; 23 cm

MARC

LEADER 00000nam a2200000Ia 4500
001 733
008 160829s1935 xx 000 0 cat d
080 |a D-1-67 
100 |a Foguet Marsal, José  |9 32257 
245 |a Código civil consuetudinario español - catalán / José Foguet y Marsal 
260 |a Madrid . Ed. Reus,  |c 1935 
300 |a 316 p. ;  |c 23 cm 
650 |a Dret consuetudinari  |x Espanya   |9 32258 
650 |a Dret civil  |x Legislació  |x Espanya  |9 32533 
901 |a Arxiu 
942 |n 1 
952 |0 0  |1 0  |4 0  |6 D167  |7 1  |9 45923  |a Arxiu  |b Arxiu  |d 2016-12-01  |l 0  |o D-1-67  |p 733  |r 2016-12-01 00:00:00  |w 2016-12-01  |y ARXIU 
999 |c 49424  |d 49424